<?xml version="1.0" encoding="UTF-8"?>
<record
    xmlns:xsi="http://www.w3.org/2001/XMLSchema-instance"
    xsi:schemaLocation="http://www.loc.gov/MARC21/slim http://www.loc.gov/standards/marcxml/schema/MARC21slim.xsd"
    xmlns="http://www.loc.gov/MARC21/slim">

  <leader>01397nam a2200181 a 4500</leader>
  <controlfield tag="001">000038531</controlfield>
  <controlfield tag="005">20210420113210.0</controlfield>
  <controlfield tag="008">130412s2009    xxuacd        000 0 spa d</controlfield>
  <datafield tag="020" ind1=" " ind2=" ">
    <subfield code="a">9789280644760</subfield>
  </datafield>
  <datafield tag="040" ind1=" " ind2=" ">
    <subfield code="a">DO-SdBNP</subfield>
    <subfield code="b">spa</subfield>
    <subfield code="c">BNPHU</subfield>
  </datafield>
  <datafield tag="110" ind1=" " ind2=" ">
    <subfield code="a">Fondo de las Naciones Unidas para la Infancia</subfield>
    <subfield code="9">9270</subfield>
  </datafield>
  <datafield tag="245" ind1="1" ind2="3">
    <subfield code="a">La infancia y el SIDA :</subfield>
    <subfield code="b">cuarto inventario de la situaci&#xF3;n, 2009 /.</subfield>
  </datafield>
  <datafield tag="246" ind1="1" ind2="0">
    <subfield code="a">Cuarto inventario de la situaci&#xF3;n, 2009.</subfield>
  </datafield>
  <datafield tag="260" ind1=" " ind2=" ">
    <subfield code="a">New York :</subfield>
    <subfield code="b">Fondo de las Naciones Unidas para la Infancia,</subfield>
    <subfield code="c">2009.</subfield>
  </datafield>
  <datafield tag="300" ind1=" " ind2=" ">
    <subfield code="a">52 p. :</subfield>
    <subfield code="b">il. ;</subfield>
    <subfield code="c">30 cm.</subfield>
  </datafield>
  <datafield tag="500" ind1=" " ind2=" ">
    <subfield code="a">Texto a dos columnas</subfield>
  </datafield>
  <datafield tag="505" ind1="0" ind2=" ">
    <subfield code="t">Introducci&#xF3;n --</subfield>
    <subfield code="t">Prevenci&#xF3;n de la transmisi&#xF3;n de madre a hijo --</subfield>
    <subfield code="t">Tratamiento y atenci&#xF3;n pedi&#xE1;trica --</subfield>
    <subfield code="t">Prevenir la infecci&#xF3;n entre los adolescentes y los j&#xF3;venes --</subfield>
    <subfield code="t">Protecci&#xF3;n, atenci&#xF3;n y apoyo para los ni&#xF1;os y ni&#xF1;as afectados por el VIH y el SIDA --</subfield>
    <subfield code="t">Supervisi&#xF3;n y evaluaci&#xF3;n de programas --</subfield>
    <subfield code="t">Inversi&#xF3;n : lo que necesitan las mujeres y la infancia --</subfield>
    <subfield code="t">Llamamiento a la acci&#xF3;n --</subfield>
    <subfield code="t">Referencias --</subfield>
    <subfield code="t">Anexo : notas sobre los datos --</subfield>
    <subfield code="t">Objetivo 1. Prevenir la transmisi&#xF3;n de madre a hijo en los pa&#xED;ses de bajos y mediados ingresos --</subfield>
    <subfield code="t">Objetivo 2. Tratamiento pedi&#xE1;trico en los pa&#xED;ses de bajos y medianos ingresos --</subfield>
    <subfield code="t">Objetivo 3. Prevenir la infecci&#xF3;n entre los adolescentes y los j&#xF3;venes--</subfield>
    <subfield code="t">Objetivo 4. Proteges y apoyar a los ni&#xF1;os afectados por el VIH y el SIDA --</subfield>
  </datafield>
  <datafield tag="952" ind1=" " ind2=" ">
    <subfield code="0">0</subfield>
    <subfield code="1">0</subfield>
    <subfield code="5">0</subfield>
    <subfield code="7">1</subfield>
    <subfield code="8">MO</subfield>
    <subfield code="a">PD</subfield>
    <subfield code="b">PD</subfield>
    <subfield code="c">CT</subfield>
    <subfield code="d">2013-04-12</subfield>
    <subfield code="i">LF1</subfield>
    <subfield code="l">0</subfield>
    <subfield code="o"> </subfield>
    <subfield code="p">38531-10</subfield>
    <subfield code="r">2020-06-25</subfield>
    <subfield code="w">2020-06-25</subfield>
    <subfield code="y">1</subfield>
    <subfield code="Z">No se presta</subfield>
  </datafield>
  <datafield tag="952" ind1=" " ind2=" ">
    <subfield code="0">0</subfield>
    <subfield code="1">0</subfield>
    <subfield code="5">0</subfield>
    <subfield code="7">1</subfield>
    <subfield code="8">MO</subfield>
    <subfield code="a">PD</subfield>
    <subfield code="b">PD</subfield>
    <subfield code="c">CT</subfield>
    <subfield code="d">2019-05-29</subfield>
    <subfield code="i">LF1</subfield>
    <subfield code="l">0</subfield>
    <subfield code="o"> </subfield>
    <subfield code="p">38531-20</subfield>
    <subfield code="r">2020-06-25</subfield>
    <subfield code="t">e. 2</subfield>
    <subfield code="w">2020-06-25</subfield>
    <subfield code="y">1</subfield>
    <subfield code="Z">No se presta</subfield>
  </datafield>
  <datafield tag="999" ind1=" " ind2=" ">
    <subfield code="c">38021</subfield>
    <subfield code="d">38021</subfield>
  </datafield>
</record>
